000 00695nam a2200277Ia 4500
001 12913
005 20240113235419.0
007 ta
008 051027s1969 g b000 u 465 u
040 _aCotton College Assam
041 _a465
082 _a394
_bH 336 Sa
100 _aHazarika, Atulchandra.
245 0 _aSachitra Ushabar Bhogjara /
_cAtual Chandra Hazarika.
_hTextual Documents
250 _a2nd ed. /
260 _aGauhati :
_bNew Book Stall ,
_c1969.
300 _a185p. ;
_c21cm.
653 _aFestivals
653 _aG-Education
942 _2ddc
_cBK
999 _c12899
_d12899